[Event "Marienbad Open 2022 - C FIDE Open"]
[Site "Continental hotel, Marianske Lazne"]
[Date "2022.01.20"]
[Round "7"]
[Board "2"]
[White "Kolbus, Dietmar"]
[Black "Laith, Kasib"]
[Result "1-0"]
[WhiteElo "2301"]
[BlackElo "2020"]
[PlyCount "119"]
[EventDate "2022.01.15"]
[EventRounds "9"]
[EventCountry "CZE"]

1. c4 g6 2. Nc3 Bg7 3. d4 d6 4. e4 Nf6 5. Bd3 O-O 6. Nge2 c5 7. d5 e6 8. O-O
exd5 9. exd5 Re8 10. h3 Nbd7 11. f4 a6 12. a4 b6 13. Bd2 Rb8 14. Qb3 Qc7 15.
Kh2 Bb7 16. Rae1 Re7 17. g4 Rbe8 18. Ng3 Rxe1 19. Rxe1 Rxe1 20. Bxe1 h6 21. Bd2
Bc8 22. Qd1 Qd8 23. Kg2 Qe7 24. Be2 Nh7 25. Bf3 Ndf8 26. Qb3 Qd8 27. a5 bxa5
28. Qb8 Bf6 29. Nce4 Be7 30. f5 Nd7 31. Qb3 Ng5 32. Bc3 Nxe4 33. Bxe4 Nf8 34.
Qa4 Bf6 35. Bxa5 Qe7 36. Qc2 Kg7 37. Bd3 Be5 38. b3 Bd4 39. fxg6 fxg6 40. Qe2
Qf7 41. Qf3 Qxf3+ 42. Kxf3 Nd7 43. Bc2 Ne5+ 44. Kg2 Nf7 45. Bd2 Bd7 46. Ne2 Bf6
47. Nf4 Ne5 48. Ba5 Bg5 49. Kg3 Be7 50. Bc7 Kf7 51. Ne2 Kg7 52. Nc3 Be8 53. Ne4
Nf7 54. Ba5 Ne5 55. Bc3 Kf7 56. Nxc5 Nxc4 57. Nxa6 Ne3 58. Be4 Bb5 59. Nc7 Nf1+
60. Kf3  1-0

[Event "Marienbad Open 2022 - C FIDE Open"]
[Site "Continental hotel, Marianske Lazne"]
[Date "2022.01.20"]
[Round "7"]
[Board "3"]
[White "Skokan, Frantisek"]
[Black "Froeyman, Helmut"]
[Result "0-1"]
[WhiteElo "1840"]
[BlackElo "2301"]
[PlyCount "44"]
[EventDate "2022.01.15"]
[EventRounds "9"]
[EventCountry "CZE"]

1. d4 f5 2. c4 Nf6 3. Nc3 e6 4. g3 d5 5. Bg2 c6 6. Nf3 Bd6 7. O-O O-O 8. c5 Bc7
9. b4 Ne4 10. Qc2 Nd7 11. a4 e5 12. dxe5 Nxe5 13. Nd4 Qe7 14. Nd1 Nc4 15. Nb2
Nxb2 16. Bxb2 f4 17. b5 Bd7 18. Rac1 Rae8 19. Rfd1 Nxf2 20. Bxd5+ cxd5 21. Kxf2
fxg3+ 22. Kg1 Qe3+  0-1

[Event "Marienbad Open 2022 - C FIDE Open"]
[Site "Continental hotel, Marianske Lazne"]
[Date "2022.01.20"]
[Round "7"]
[Board "4"]
[White "Paseka, Matyas"]
[Black "Balje, Jan"]
[Result "0-1"]
[WhiteElo "2052"]
[BlackElo "2198"]
[PlyCount "108"]
[EventDate "2022.01.15"]
[EventRounds "9"]
[EventCountry "CZE"]

1. e4 c6 2. d4 d5 3. Nd2 dxe4 4. Nxe4 Bf5 5. Ng3 Bg6 6. h4 h6 7. f4 e6 8. Nf3
Bd6 9. h5 Bh7 10. Bd3 Bxd3 11. Qxd3 Nf6 12. Bd2 Qc7 13. Ne5 c5 14. O-O-O cxd4
15. Qxd4 Nc6 16. Nxc6 bxc6 17. Rhf1 O-O 18. Bc3 Rfd8 19. Ne2 c5 20. Qa4 Be7 21.
Rxd8+ Rxd8 22. Ba5 Qd7 23. Qb3 Rc8 24. Kb1 c4 25. Qf3 Qb5 26. Bc3 Qxh5 27. Qxh5
Nxh5 28. Rd1 Rd8 29. Rxd8+ Bxd8 30. a4 Bc7 31. g3 g5 32. fxg5 hxg5 33. Bd4 Bb6
34. Be5 f6 35. Bd6 g4 36. b4 cxb3 37. c4 Kf7 38. c5 Ba5 39. c6 Ke8 40. Nd4 e5
41. Nf5 Kd8 42. Kb2 Bc7 43. Be7+ Kc8 44. Kxb3 e4 45. Kc2 Nxg3 46. Nxg3 Bxg3 47.
Bxf6 Kc7 48. Bd4 a6 49. Kd2 Bf4+ 50. Ke2 Kxc6 51. Bc3 Kc5 52. Be1 g3 53. Kf1
Kc4 54. Kg2 Kd3  0-1

[Event "Marienbad Open 2022 - C FIDE Open"]
[Site "Continental hotel, Marianske Lazne"]
[Date "2022.01.20"]
[Round "7"]
[Board "6"]
[White "Van Herck, Marcel"]
[Black "Azhar, Puteri Rifqah Fahada"]
[Result "1/2-1/2"]
[WhiteElo "1983"]
[BlackElo "1939"]
[PlyCount "104"]
[EventDate "2022.01.15"]
[EventRounds "9"]
[EventCountry "CZE"]

1. e4 c5 2. Nf3 e6 3. d4 cxd4 4. Nxd4 a6 5. Bd3 Qc7 6. c4 Nf6 7. Nc3 b6 8. O-O
Bb7 9. Qe2 d6 10. Bd2 Nbd7 11. b3 Be7 12. Rac1 O-O 13. Rfd1 Rfd8 14. Be3 Nc5
15. f3 Qb8 16. Bf2 Nh5 17. Qe3 h6 18. Nde2 e5 19. h4 Bc6 20. Nd5 Bxd5 21. exd5
Nd7 22. g4 Nhf6 23. Ng3 Nh7 24. Nf5 Bf8 25. Kg2 Re8 26. g5 hxg5 27. hxg5 g6 28.
Rh1 Bg7 29. Nh6+ Bxh6 30. Rxh6 Kg7 31. Rch1 Rh8 32. Qe4 Ndf8 33. f4 Qe8 34.
fxe5 dxe5 35. Qe3 Qd8 36. Bg3 Nd7 37. Bh4 Qe7 38. Be4 Nc5 39. Kf3 Nxe4 40. Kxe4
Qd7 41. Qh3 Qe7 42. Qe3 Qd7 43. Kd3 b5 44. Kc3 bxc4 45. bxc4 Qa4 46. Bg3 Qa3+
47. Kd2 Qxa2+ 48. Ke1 Qb1+ 49. Kf2 Qc2+ 50. Kg1 Qd1+ 51. Kg2 Qc2+ 52. Kg1 Qd1+
 1/2-1/2

[Event "Marienbad Open 2022 - C FIDE Open"]
[Site "Continental hotel, Marianske Lazne"]
[Date "2022.01.20"]
[Round "7"]
[Board "7"]
[White "Stojkovic, Andreja"]
[Black "Peglau, Dora"]
[Result "0-1"]
[WhiteElo "1925"]
[BlackElo "1926"]
[PlyCount "70"]
[EventDate "2022.01.15"]
[EventRounds "9"]
[EventCountry "CZE"]

1. e4 c5 2. Nf3 Nc6 3. d4 cxd4 4. Nxd4 e6 5. Nb5 Nf6 6. N1c3 d6 7. Bf4 e5 8.
Bg5 a6 9. Na3 b5 10. Nd5 Be7 11. Nxe7 Nxe7 12. f3 Be6 13. Bd3 d5 14. exd5 Nfxd5
15. Qd2 f6 16. Bh4 Nf4 17. O-O Qd4+ 18. Bf2 Qxb2 19. Qa5 Nxd3 20. cxd3 O-O 21.
Rfb1 Qe2 22. Qb6 Bf5 23. Qd6 Ng6 24. Rb3 Rfd8 25. Qc6 Nf4 26. d4 exd4 27. Re1
Qxa2 28. Nxb5 Qxb3 29. Nxd4 Qd5 30. Nxf5 Qxf5 31. Re7 Qd5 32. Qc2 Rac8 33. Qe4
Qxe4 34. Rxe4 Nd3 35. Bb6 Re8  0-1

[Event "Marienbad Open 2022 - C FIDE Open"]
[Site "Continental hotel, Marianske Lazne"]
[Date "2022.01.20"]
[Round "7"]
[Board "8"]
[White "Vana, Jan"]
[Black "Peglau, Charis"]
[Result "0-1"]
[WhiteElo "1566"]
[BlackElo "1818"]
[PlyCount "116"]
[EventDate "2022.01.15"]
[EventRounds "9"]
[EventCountry "CZE"]

1. e4 c6 2. d4 d5 3. e5 Bf5 4. h4 Qc7 5. g4 Bd7 6. Bd3 e6 7. Ne2 c5 8. c3 Nc6
9. a3 Be7 10. f4 O-O-O 11. Be3 c4 12. Bc2 Nh6 13. Ng3 f6 14. Nh5 fxe5 15. fxe5
Nf7 16. Nd2 g5 17. hxg5 Nxg5 18. Nf3 h6 19. Nxg5 hxg5 20. Qd2 Rhg8 21. O-O-O
Rdf8 22. Rdf1 Qd8 23. Qe2 Na5 24. Rh3 Be8 25. Rhf3 Rxf3 26. Qxf3 Nb3+ 27. Bxb3
cxb3 28. Nf6 Rg7 29. Rh1 Rg6 30. Nxe8 Qxe8 31. Rh7 Rg8 32. Qf7 Qxf7 33. Rxf7
Kd8 34. Kd2 b5 35. Rh7 a6 36. Ke2 Ke8 37. Bd2 Kf8 38. Be3 Rg7 39. Rxg7 Kxg7 40.
Kd3 Kf7 41. Bd2 Ke8 42. Ke2 Bxa3 43. Bc1 Be7 44. Kd3 Kd7 45. Ke2 Kc6 46. Kd3
Kb6 47. Bd2 a5 48. Be1 a4 49. Bd2 Ka6 50. Be1 a3 51. bxa3 Bxa3 52. Bd2 Be7 53.
Bc1 Ka5 54. Bd2 Ka4 55. Bc1 Ka5 56. Bd2 Ka4 57. Bc1 Bf8 58. Bxg5 Ka3  0-1

[Event "Marienbad Open 2022 - C FIDE Open"]
[Site "Continental hotel, Marianske Lazne"]
[Date "2022.01.20"]
[Round "7"]
[Board "9"]
[White "Landstorfer, Franz-Robert"]
[Black "Lang, Simon"]
[Result "1/2-1/2"]
[WhiteElo "1805"]
[BlackElo "1701"]
[PlyCount "126"]
[EventDate "2022.01.15"]
[EventRounds "9"]
[EventCountry "CZE"]

1. Nf3 d5 2. b4 e6 3. Bb2 Nf6 4. a3 c5 5. bxc5 Bxc5 6. d4 Bd6 7. Nbd2 O-O 8. e3
b5 9. Rb1 a6 10. Be2 Nbd7 11. O-O Nb6 12. Ra1 Na4 13. Qc1 Bb7 14. Bd1 Nd7 15.
c4 Nxb2 16. Qxb2 dxc4 17. Nxc4 Bxf3 18. Nxd6 Bxg2 19. Nxf7 Qh4 20. Kxg2 Rxf7
21. Qe2 Raf8 22. f4 Rc8 23. Bb3 Qe7 24. f5 Qg5+ 25. Kh1 Re7 26. Bxe6+ Rxe6 27.
fxe6 Qd5+ 28. e4 Qxe6 29. Rac1 Rxc1 30. Rxc1 Nb6 31. Qf3 Nc4 32. e5 h6 33. Rf1
Qe7 34. a4 Nb6 35. axb5 axb5 36. Qc6 Qd8 37. Rd1 Nd5 38. Ra1 Nc7 39. Qd6 Qb8
40. Rc1 Qa8+ 41. Qc6 Qa3 42. Qc3 Qa8+ 43. Kg1 Qe4 44. Re1 Qg4+ 45. Kh1 Ne6 46.
d5 Nf4 47. Qg3 Qxg3 48. hxg3 Nxd5 49. Kg2 Kf7 50. Kf3 Ke6 51. Ke4 b4 52. Kd4 b3
53. Rb1 Ne7 54. Rxb3 h5 55. Ke4 Ng6 56. Rb6+ Kf7 57. Kd5 Ne7+ 58. Ke4 Ng6 59.
Rb7+ Ke6 60. Rxg7 Nxe5 61. Re7+ Kxe7 62. Kxe5 h4 63. gxh4 Kf7  1/2-1/2

[Event "Marienbad Open 2022 - C FIDE Open"]
[Site "Continental hotel, Marianske Lazne"]
[Date "2022.01.20"]
[Round "7"]
[Board "10"]
[White "Borisek, Anze"]
[Black "Kastner, Jan"]
[Result "1-0"]
[WhiteElo "1895"]
[BlackElo "2001"]
[PlyCount "71"]
[EventDate "2022.01.15"]
[EventRounds "9"]
[EventCountry "CZE"]

1. f4 d5 2. Nf3 Nf6 3. b3 g6 4. Bb2 Bg7 5. e3 c5 6. Bb5+ Bd7 7. Bxd7+ Nbxd7 8.
O-O e6 9. Qe1 O-O 10. d3 b5 11. Nbd2 Qb6 12. c4 a5 13. Ne5 Nxe5 14. Bxe5 Rfd8
15. Qh4 Ne8 16. Rad1 a4 17. Rf3 axb3 18. axb3 dxc4 19. Rh3 h5 20. g4 f6 21.
gxh5 Rxd3 22. h6 Bh8 23. Rg3 Rad8 24. h7+ Kf7 25. Qh6 Rxd2 26. Qxg6+ Ke7 27.
Rxd2 Rxd2 28. Qg8 fxe5 29. Qxh8 Qd8 30. Rg7+ Kd6 31. Qf8+ Kc6 32. h8=Q Rd1+ 33.
Kg2 Qd2+ 34. Kh3 Nxg7 35. Qa8+ Kd6 36. Qhd8#  1-0

[Event "Marienbad Open 2022 - C FIDE Open"]
[Site "Continental hotel, Marianske Lazne"]
[Date "2022.01.21"]
[Round "8"]
[Board "1"]
[White "Kolbus, Dietmar"]
[Black "Nytra, Ondrej"]
[Result "1-0"]
[WhiteElo "2301"]
[BlackElo "2146"]
[PlyCount "83"]
[EventDate "2022.01.15"]
[EventRounds "9"]
[EventCountry "CZE"]

1. c4 e5 2. Nc3 Nf6 3. Nf3 Nc6 4. e3 Bb4 5. Qc2 O-O 6. Nd5 Re8 7. a3 e4 8. Ng1
Bf8 9. Ne2 d6 10. Ng3 a5 11. Be2 Nb8 12. Nc3 Qe7 13. f3 exf3 14. gxf3 c6 15. d4
d5 16. Bd2 dxc4 17. Bxc4 b5 18. Bd3 g6 19. O-O Bh3 20. Rf2 Nbd7 21. Nce2 Bh6
22. e4 Bxd2 23. Qxd2 Nb6 24. Rc1 Rec8 25. Nf4 Bd7 26. Bf1 h5 27. Rg2 Kh7 28. e5
Ng8 29. Bd3 c5 30. Ngxh5 cxd4 31. Nxg6 Rxc1+ 32. Qxc1 fxg6 33. Rxg6 Kh8 34.
Rh6+ Nxh6 35. Qxh6+ Kg8 36. Bh7+ Qxh7 37. Nf6+ Kf7 38. Nxh7 Rg8+ 39. Ng5+ Ke8
40. Qxb6 Rxg5+ 41. Kf2 Rxe5 42. Qb8+  1-0

[Event "Marienbad Open 2022 - C FIDE Open"]
[Site "Continental hotel, Marianske Lazne"]
[Date "2022.01.21"]
[Round "8"]
[Board "2"]
[White "Froeyman, Helmut"]
[Black "Balje, Jan"]
[Result "1/2-1/2"]
[WhiteElo "2301"]
[BlackElo "2198"]
[PlyCount "41"]
[EventDate "2022.01.15"]
[EventRounds "9"]
[EventCountry "CZE"]

1. e4 e5 2. Nf3 Nc6 3. Bb5 a6 4. Ba4 Nf6 5. O-O Be7 6. Re1 b5 7. Bb3 d6 8. c3
O-O 9. h3 Nb8 10. d4 Nbd7 11. Nbd2 Bb7 12. Bc2 Re8 13. Nf1 Bf8 14. Ng3 g6 15.
a4 Bg7 16. Bd3 d5 17. dxe5 Nxe4 18. axb5 Nxg3 19. fxg3 axb5 20. Rxa8 Qxa8 21.
Bxb5  1/2-1/2

[Event "Marienbad Open 2022 - C FIDE Open"]
[Site "Continental hotel, Marianske Lazne"]
[Date "2022.01.21"]
[Round "8"]
[Board "3"]
[White "Goossens, Hanne"]
[Black "Azhar, Puteri Munajjah Az-Zahraa"]
[Result "0-1"]
[WhiteElo "2133"]
[BlackElo "2052"]
[PlyCount "118"]
[EventDate "2022.01.15"]
[EventRounds "9"]
[EventCountry "CZE"]

1. e4 c5 2. Nf3 e6 3. d4 cxd4 4. Nxd4 Nf6 5. Nc3 Nc6 6. Ndb5 d6 7. Bf4 e5 8.
Bg5 a6 9. Na3 b5 10. Bxf6 Qxf6 11. Nd5 Qd8 12. Bxb5 axb5 13. Nxb5 Qa5+ 14. c3
Kd8 15. a4 Rb8 16. b4 Qa6 17. Ndc7 Qb7 18. O-O Bd7 19. Nd5 h5 20. Ne3 Rh6 21.
Nc4 Be6 22. Ncxd6 Qd7 23. Qd3 Bb3 24. Rfd1 Bxd6 25. Nxd6 Rxd6 26. Qxd6 Bxd1 27.
Qxd1 Qxd1+ 28. Rxd1+ Kc7 29. f3 Rd8 30. Rxd8 Nxd8 31. Kf2 g6 32. Ke3 Ne6 33. g3
Kc6 34. g4 hxg4 35. fxg4 Nf4 36. c4 Ng2+ 37. Kd2 Nf4 38. c5 Ng2 39. Kd3 f6 40.
Kc3 Ne3 41. h3 Nd1+ 42. Kb3 Ne3 43. a5 Kb5 44. a6 Kxa6 45. Ka4 Nc4 46. b5+ Kb7
47. Kb4 Nd2 48. Ka5 Nxe4 49. Kb4 Kc7 50. Kc4 Kd7 51. Kd5 Nc3+ 52. Kc4 Ne2 53.
Kb4 Nd4 54. Kc4 Kc7 55. Kb4 e4 56. b6+ Kc6 57. Kc4 Ne6 58. b7 Kxb7 59. Kd5 Nxc5
 0-1

[Event "Marienbad Open 2022 - C FIDE Open"]
[Site "Continental hotel, Marianske Lazne"]
[Date "2022.01.21"]
[Round "8"]
[Board "4"]
[White "Laith, Kasib"]
[Black "Peglau, Dora"]
[Result "1-0"]
[WhiteElo "2020"]
[BlackElo "1926"]
[PlyCount "135"]
[EventDate "2022.01.15"]
[EventRounds "9"]
[EventCountry "CZE"]

1. Nf3 d5 2. g3 g6 3. Bg2 Bg7 4. O-O e5 5. d3 Ne7 6. e4 Nbc6 7. c3 a5 8. a4 O-O
9. Nbd2 dxe4 10. dxe4 b6 11. Re1 Bb7 12. Qe2 Ba6 13. Nc4 Qd7 14. Bf1 Rfd8 15.
Be3 Qg4 16. Nfd2 Qxe2 17. Bxe2 h5 18. Kf1 Nc8 19. Na3 Bxe2+ 20. Kxe2 Nd6 21.
Nb5 Rd7 22. Red1 Rad8 23. Nxd6 Rxd6 24. Nc4 Rxd1 25. Rxd1 Rxd1 26. Kxd1 Kf8 27.
Bg5 f6 28. Bd2 Kf7 29. Ne3 Bf8 30. Nd5 Bd6 31. Ke2 Ne7 32. Ne3 Ke6 33. Kd3 f5
34. f3 fxe4+ 35. fxe4 Nc6 36. Nd5 Ne7 37. Nxe7 Bxe7 38. Be3 Kd7 39. h3 Ke6 40.
Kc4 Kd6 41. b4 Kc6 42. Bc1 g5 43. g4 h4 44. b5+ Kd7 45. Kd5 Bf6 46. Ba3 Bg7 47.
Bc1 Bf6 48. c4 Ke7 49. Bb2 Kd7 50. Bxe5 Be7 51. Bd4 Bd8 52. Bg7 Ke7 53. e5 Kf7
54. Bf6 Bxf6 55. exf6 Kxf6 56. Kc6 Ke5 57. Kxc7 Kf4 58. Kxb6 Kg3 59. c5 Kxh3
60. c6 Kxg4 61. c7 h3 62. c8=Q+ Kg3 63. Qc3+ Kg2 64. Qd2+ Kf1 65. Qxg5 h2 66.
Qh4 Kg1 67. Qxh2+ Kxh2 68. Kxa5  1-0

[Event "Marienbad Open 2022 - C FIDE Open"]
[Site "Continental hotel, Marianske Lazne"]
[Date "2022.01.21"]
[Round "8"]
[Board "5"]
[White "Azhar, Puteri Rifqah Fahada"]
[Black "Peglau, Charis"]
[Result "0-1"]
[WhiteElo "1939"]
[BlackElo "1818"]
[PlyCount "122"]
[EventDate "2022.01.15"]
[EventRounds "9"]
[EventCountry "CZE"]

1. e4 e6 2. d4 d5 3. Nd2 dxe4 4. Nxe4 Bd7 5. Be3 Bc6 6. Ng3 Nf6 7. Nf3 Nbd7 8.
c3 Bd6 9. Bc4 O-O 10. Qe2 a6 11. O-O b5 12. Bb3 Bb7 13. a4 Qe7 14. Rfe1 Rfb8
15. Bg5 Qf8 16. Ne5 Kh8 17. axb5 axb5 18. f4 c5 19. f5 c4 20. Bc2 Rxa1 21. Rxa1
Bxe5 22. dxe5 Qc5+ 23. Kh1 Qxe5 24. Qxe5 Nxe5 25. Bf4 Nfd7 26. fxe6 fxe6 27.
Re1 Ra8 28. Bxe5 Nxe5 29. h3 Nd3 30. Rxe6 Bxg2+ 31. Kh2 Bxh3 32. Rb6 Bd7 33.
Bxd3 cxd3 34. Rd6 Be8 35. Rxd3 Kg8 36. Kg2 Ra2 37. Rd2 g6 38. Kf3 Kg7 39. Ke4
h5 40. Rh2 h4 41. Rxh4 Rxb2 42. Kd5 Rg2 43. Rg4 Rd2+ 44. Kc5 Rd3 45. Ne4 Bd7
46. Rg3 Rxg3 47. Nxg3 Kf6 48. c4 bxc4 49. Kxc4 Ke5 50. Kd3 Kf4 51. Ne2+ Kf3 52.
Nd4+ Kf2 53. Ke4 g5 54. Nf5 g4 55. Nh4 g3 56. Kf4 Be6 57. Ke4 Kg1 58. Kf4 Kh2
59. Nf3+ Kg2 60. Nd4 Kf2 61. Nf3 g2  0-1

[Event "Marienbad Open 2022 - C FIDE Open"]
[Site "Continental hotel, Marianske Lazne"]
[Date "2022.01.21"]
[Round "8"]
[Board "6"]
[White "Borisek, Anze"]
[Black "Paseka, Matyas"]
[Result "1/2-1/2"]
[WhiteElo "1895"]
[BlackElo "2052"]
[PlyCount "27"]
[EventDate "2022.01.15"]
[EventRounds "9"]
[EventCountry "CZE"]

1. f4 Nf6 2. Nf3 g6 3. b3 Bg7 4. Bb2 O-O 5. e3 d6 6. a4 c5 7. Na3 Nc6 8. Nc4
Qc7 9. Be2 Re8 10. O-O e5 11. fxe5 dxe5 12. Qe1 Bf5 13. d3 Rad8 14. Qh4  1/2-1/2

[Event "Marienbad Open 2022 - C FIDE Open"]
[Site "Continental hotel, Marianske Lazne"]
[Date "2022.01.21"]
[Round "8"]
[Board "7"]
[White "Gorkiewicz, Mateusz"]
[Black "Landstorfer, Franz-Robert"]
[Result "1-0"]
[WhiteElo "2028"]
[BlackElo "1805"]
[PlyCount "73"]
[EventDate "2022.01.15"]
[EventRounds "9"]
[EventCountry "CZE"]

1. e4 d6 2. d4 Nf6 3. Nc3 g6 4. Bg5 Bg7 5. e5 Nfd7 6. f4 Nb6 7. Nf3 O-O 8. Be2
f6 9. exf6 exf6 10. Bh4 d5 11. b3 Qe7 12. Qd2 c6 13. O-O Bg4 14. Rae1 Bxf3 15.
Rxf3 Qb4 16. f5 N8d7 17. Bf2 Rfe8 18. Rg3 Kf7 19. Qd3 Nf8 20. h4 Re7 21. fxg6+
hxg6 22. h5 g5 23. h6 Bxh6 24. Bh5+ Kg7 25. Rxe7+ Qxe7 26. Ne2 Kh8 27. Re3 Qd7
28. Ng3 g4 29. Re1 Nc8 30. Nf5 Bg5 31. Bxg4 Qh7 32. Re8 Nb6 33. Re7 Qg6 34.
Qh3+ Nh7 35. Bh5 Qg8 36. Bf7 Qf8 37. Bg6  1-0

[Event "Marienbad Open 2022 - C FIDE Open"]
[Site "Continental hotel, Marianske Lazne"]
[Date "2022.01.21"]
[Round "8"]
[Board "8"]
[White "Vantuch, Lucian"]
[Black "Skokan, Frantisek"]
[Result "1-0"]
[WhiteElo "1997"]
[BlackElo "1840"]
[PlyCount "49"]
[EventDate "2022.01.15"]
[EventRounds "9"]
[EventCountry "CZE"]

1. e4 c5 2. Nf3 Nc6 3. d4 cxd4 4. Nxd4 g6 5. Nc3 Bg7 6. Be3 Nf6 7. Bc4 d6 8. f3
O-O 9. Bb3 Bd7 10. Qd2 a5 11. a4 Rc8 12. h4 h5 13. O-O-O Kh7 14. g4 Ne5 15.
gxh5 Nxh5 16. Rhg1 Nc4 17. Bxc4 Rxc4 18. Rg5 Rxd4 19. Bxd4 Bh6 20. f4 Bxg5 21.
hxg5 Bc6 22. Rh1 f5 23. gxf6 exf6 24. f5 Kg7 25. Qg5  1-0

[Event "Marienbad Open 2022 - C FIDE Open"]
[Site "Continental hotel, Marianske Lazne"]
[Date "2022.01.21"]
[Round "8"]
[Board "9"]
[White "Van Herck, Marcel"]
[Black "Ochedzan, Filip"]
[Result "1/2-1/2"]
[WhiteElo "1983"]
[BlackElo "1766"]
[PlyCount "80"]
[EventDate "2022.01.15"]
[EventRounds "9"]
[EventCountry "CZE"]

1. c4 e5 2. Nc3 Nf6 3. Nf3 Nc6 4. g3 d5 5. cxd5 Nxd5 6. Bg2 Nb6 7. O-O Be7 8.
d3 O-O 9. Be3 Re8 10. Na4 Bf8 11. Nxb6 axb6 12. a3 Nd4 13. Rc1 Bg4 14. Bxd4
exd4 15. Re1 Qd7 16. Nd2 c5 17. Bf3 Bxf3 18. Nxf3 Re6 19. Kg2 Rae8 20. Qd2 Bd6
21. e4 dxe3 22. Rxe3 Rf6 23. Rce1 Rxe3 24. Rxe3 Re6 25. Qe2 Rxe3 26. Qxe3 h6
27. Nd2 Be7 28. a4 Bg5 29. f4 Bf6 30. b3 Bd4 31. Qe4 b5 32. axb5 Qxb5 33. Kf1
Qa5 34. Ke2 Qa7 35. Qe8+ Kh7 36. Qxf7 Bc3 37. Qf5+ Kh8 38. Qf8+ Kh7 39. Qf5+
Kh8 40. Qf8+ Kh7  1/2-1/2

[Event "Marienbad Open 2022 - C FIDE Open"]
[Site "Continental hotel, Marianske Lazne"]
[Date "2022.01.21"]
[Round "8"]
[Board "10"]
[White "Lang, Simon"]
[Black "Buchta, Bartolomej"]
[Result "1-0"]
[WhiteElo "1701"]
[BlackElo "1901"]
[PlyCount "93"]
[EventDate "2022.01.15"]
[EventRounds "9"]
[EventCountry "CZE"]

1. e4 c5 2. Nf3 d6 3. d4 cxd4 4. Nxd4 Nf6 5. Nc3 a6 6. Bg5 Nbd7 7. f4 Qc7 8.
Qf3 h6 9. Bxf6 Nxf6 10. f5 Qc5 11. O-O-O g5 12. e5 Qxe5 13. g3 g4 14. Qf2 h5
15. Kb1 Qc5 16. Bg2 Bd7 17. Rhe1 Bc6 18. Bxc6+ bxc6 19. Qg2 d5 20. Qe2 Qb6 21.
Na4 Qc7 22. Nc5 Nd7 23. Nxd7 Qxd7 24. f6 e6 25. c4 Bb4 26. cxd5 cxd5 27. Rf1 a5
28. Rc1 Rc8 29. Rxc8+ Qxc8 30. Qb5+ Qd7 31. Nc6 Kf8 32. Rc1 Qe8 33. Qb7 Bd2 34.
Rc2 Bg5 35. Nxa5 Bxf6 36. Rc8 Qxc8 37. Qxc8+ Kg7 38. Qa6 Rd8 39. b4 d4 40. Qd3
Rc8 41. Nc4 e5 42. Nd6 Rc3 43. Qf5 Rf3 44. Qxh5 Rf1+ 45. Kc2 d3+ 46. Kd2 Be7
47. Qxe5+  1-0

[Event "Marienbad Open 2022 - C FIDE Open"]
[Site "Continental hotel, Marianske Lazne"]
[Date "2022.01.22"]
[Round "9"]
[Board "2"]
[White "Nytra, Ondrej"]
[Black "Froeyman, Helmut"]
[Result "1/2-1/2"]
[WhiteElo "2146"]
[BlackElo "2301"]
[PlyCount "46"]
[EventDate "2022.01.15"]
[EventRounds "9"]
[EventCountry "CZE"]

1. e4 e5 2. Nf3 Nc6 3. Bb5 a6 4. Ba4 Nf6 5. O-O Be7 6. Re1 b5 7. Bb3 d6 8. c3
O-O 9. d4 Bg4 10. Be3 exd4 11. cxd4 Na5 12. Bc2 Nc4 13. Bc1 c5 14. b3 Nb6 15.
h3 Bxf3 16. Qxf3 cxd4 17. Bb2 Nfd7 18. Bxd4 Bf6 19. Bxf6 Qxf6 20. Qxf6 Nxf6 21.
a4 Rfc8 22. Bd3 bxa4 23. bxa4 Nfd7  1/2-1/2

[Event "Marienbad Open 2022 - C FIDE Open"]
[Site "Continental hotel, Marianske Lazne"]
[Date "2022.01.22"]
[Round "9"]
[Board "3"]
[White "Balje, Jan"]
[Black "Laith, Kasib"]
[Result "1/2-1/2"]
[WhiteElo "2198"]
[BlackElo "2020"]
[PlyCount "33"]
[EventDate "2022.01.15"]
[EventRounds "9"]
[EventCountry "CZE"]

1. d4 Nf6 2. c4 g6 3. g3 Bg7 4. Bg2 O-O 5. Nc3 d6 6. Nf3 Nc6 7. O-O e5 8. dxe5
dxe5 9. Bg5 Be6 10. Qc1 Qc8 11. Rd1 Nd7 12. Nd5 Re8 13. Qd2 f6 14. Bh6 Nd8 15.
Bxg7 Kxg7 16. b3 Nf7 17. Qc3  1/2-1/2

[Event "Marienbad Open 2022 - C FIDE Open"]
[Site "Continental hotel, Marianske Lazne"]
[Date "2022.01.22"]
[Round "9"]
[Board "4"]
[White "Peglau, Charis"]
[Black "Goossens, Hanne"]
[Result "0-1"]
[WhiteElo "1818"]
[BlackElo "2133"]
[PlyCount "128"]
[EventDate "2022.01.15"]
[EventRounds "9"]
[EventCountry "CZE"]

1. Nf3 c5 2. c4 Nc6 3. Nc3 e5 4. e4 d6 5. d3 g6 6. g3 Bg7 7. Bg2 Nge7 8. Be3 a6
9. Qd2 h6 10. O-O Rb8 11. Ne1 b5 12. b3 b4 13. Ne2 Be6 14. Rb1 Qc8 15. f4 Nd4
16. Nf3 Bh3 17. fxe5 Nxf3+ 18. Rxf3 Bg4 19. exd6 Bxf3 20. Bxf3 Nc6 21. Rf1 Ne5
22. d4 cxd4 23. Bxd4 Qc6 24. c5 Rb5 25. Bg2 O-O 26. Kh1 Rxc5 27. Bxc5 Qxc5 28.
Nf4 Rd8 29. Nd5 a5 30. Nf6+ Bxf6 31. Rxf6 Kg7 32. Rf1 Rxd6 33. Qf4 Qd4 34. h3
Rc6 35. Rf2 Rc3 36. Kh2 Rd3 37. Qf6+ Kg8 38. Qf4 Rd1 39. g4 Rd3 40. Bf1 g5 41.
Qf5 Rd2 42. Rxd2 Qxd2+ 43. Kh1 Qf4 44. Bg2 Kg7 45. Kg1 Nd3 46. Qxf4 gxf4 47.
Bf1 Ne5 48. Kf2 f6 49. Ke2 Kf7 50. Kd2 Ke7 51. Kc2 Kd6 52. Kb2 Kc5 53. a3 Kd4
54. axb4 axb4 55. Kc2 Kxe4 56. Kd2 Kf3 57. Bb5 Kg2 58. h4 Kg3 59. g5 fxg5 60.
hxg5 hxg5 61. Ke2 g4 62. Ba6 Kh2 63. Bb7 g3 64. Kf1 f3  0-1

[Event "Marienbad Open 2022 - C FIDE Open"]
[Site "Continental hotel, Marianske Lazne"]
[Date "2022.01.22"]
[Round "9"]
[Board "5"]
[White "Vantuch, Lucian"]
[Black "Gorkiewicz, Mateusz"]
[Result "1/2-1/2"]
[WhiteElo "1997"]
[BlackElo "2028"]
[PlyCount "161"]
[EventDate "2022.01.15"]
[EventRounds "9"]
[EventCountry "CZE"]

1. d4 d5 2. c3 Nf6 3. Bg5 c6 4. e3 Bf5 5. Bd3 Ne4 6. f3 Nxg5 7. Bxf5 e6 8. Bd3
f5 9. Nd2 Bd6 10. Ne2 O-O 11. h4 Nf7 12. Qc2 c5 13. dxc5 Bxc5 14. Nd4 Qd6 15.
O-O-O Nc6 16. N2b3 Bb6 17. g4 Nb4 18. cxb4 Rac8 19. gxf5 Rxc2+ 20. Bxc2 e5 21.
Ne6 Bxe3+ 22. Kb1 Rc8 23. Be4 d4 24. Bxb7 Rb8 25. Nbc5 Nd8 26. Nxd8 Qxd8 27.
Rh2 Rxb7 28. Nxb7 Qd5 29. Nc5 Qxf3 30. Re1 Qxf5+ 31. Ka1 d3 32. Nxd3 Bd4 33.
Rd2 h6 34. a4 Qg4 35. Ka2 Qxh4 36. Rde2 Qe7 37. Nxe5 Qxb4 38. b3 Qc3 39. Ng6 h5
40. Rf1 Bf6 41. Rg1 h4 42. Re8+ Kf7 43. Rf8+ Ke6 44. Re8+ Kd7 45. Re2 Qd4 46.
Nf8+ Kd6 47. Rc1 h3 48. Ne6 Qg4 49. Rcc2 Be5 50. Nd8 Kd7 51. Rxe5 Kxd8 52. Re3
g5 53. Rh2 Qg1 54. Rd2+ Kc7 55. Rxh3 a5 56. Rhh2 Qe3 57. Rhg2 Kb6 58. Rd1 Kc5
59. Rdg1 Kb6 60. Rf1 Qe4 61. Rfg1 Qe3 62. Rh1 Qe4 63. Rh6+ Kb7 64. Rf2 Qd4 65.
Rf7+ Kc8 66. Rh2 g4 67. Rg2 Qd5 68. Rff2 Qe4 69. Rg3 Kb7 70. Rfg2 Kb6 71. Rxg4
Qe1 72. Rc2 Qe6 73. Rgc4 Qd6 74. Re2 Qh6 75. Rce4 Qc1 76. Re6+ Kc7 77. R6e5 Qc3
78. Rb5 Kd7 79. Rb2 Kd6 80. b4 Qc4+ 81. Ka3  1/2-1/2

[Event "Marienbad Open 2022 - C FIDE Open"]
[Site "Continental hotel, Marianske Lazne"]
[Date "2022.01.22"]
[Round "9"]
[Board "6"]
[White "Ochedzan, Filip"]
[Black "Lang, Simon"]
[Result "1-0"]
[WhiteElo "1766"]
[BlackElo "1701"]
[PlyCount "65"]
[EventDate "2022.01.15"]
[EventRounds "9"]
[EventCountry "CZE"]

1. e4 c5 2. Nf3 d6 3. d4 cxd4 4. Nxd4 Nf6 5. Nc3 a6 6. Bg5 e6 7. f4 Nbd7 8. Qf3
Qc7 9. g4 Be7 10. O-O-O b5 11. Bxf6 gxf6 12. a3 Bb7 13. h4 Nc5 14. Bh3 Rc8 15.
Rh2 Qb6 16. g5 f5 17. Qh5 Bxe4 18. Nxe4 Nxe4 19. Nxe6 Qe3+ 20. Kb1 Nf2 21. Rxf2
Qxf2 22. Bxf5 Rc6 23. g6 fxg6 24. Bxg6+ hxg6 25. Qxh8+ Kd7 26. Nd4 Rc8 27. Qg7
Qxh4 28. Qxg6 Qxf4 29. Qe6+ Kd8 30. Nf5 Qg5 31. Nxe7 Qxe7 32. Rxd6+ Ke8 33.
Qxc8+  1-0